|
|
|
|
| LEADER |
00000cam a22000002c 4500 |
| 001 |
1840062118 |
| 003 |
DE-627 |
| 005 |
20250707115639.0 |
| 007 |
cr uuu---uuuuu |
| 008 |
230324s2001 xx |||||o 00| ||eng c |
| 024 |
7 |
|
|a 10.3886/ICPSR03081.v1
|2 doi
|
| 035 |
|
|
|a (DE-627)1840062118
|
| 035 |
|
|
|a (DE-599)KXP1840062118
|
| 040 |
|
|
|a DE-627
|b ger
|c DE-627
|e rda
|
| 041 |
|
|
|a eng
|
| 084 |
|
|
|a 2,1
|2 ssgn
|
| 110 |
2 |
|
|a United States Department of Justice. Office of Justice Programs. Bureau of Justice Statistics
|e VerfasserIn
|4 aut
|
| 245 |
1 |
0 |
|a National Survey of Indigent Defense Systems (NSIDS), 1999
|
| 264 |
|
1 |
|a [Erscheinungsort nicht ermittelbar]
|b [Verlag nicht ermittelbar]
|c 2001
|
| 336 |
|
|
|a Text
|b txt
|2 rdacontent
|
| 337 |
|
|
|a Computermedien
|b c
|2 rdamedia
|
| 338 |
|
|
|a Online-Ressource
|b cr
|2 rdacarrier
|
| 520 |
|
|
|a This survey collected nationwide data in order to: (1) identify the number and characteristics of publicly financed indigent defense systems and agencies in the United States, (2) measure how legal services were provided to indigent criminal defendants in terms of caseloads, workloads, policies, and practices, and (3) describe the types of offenses handled by indigent defense system organizations. The study was initially designed to permit measurable statistical estimates at the national level for each region of the United States, for individual states, and for the 100 most populous counties, including the District of Columbia. However, due to resource and financial constraints, the study was scaled back to collect indigent criminal defense data at the trial level for (1) the 100 most populous counties, (2) 197 counties outside the 100 most populous counties, and (3) states that entirely funded indigent criminal defense services.
|
| 540 |
|
|
|a ICPSR Terms of Use
|
| 650 |
|
4 |
|a court cases
|
| 650 |
|
4 |
|a Defendants
|
| 650 |
|
4 |
|a defense (law)
|
| 650 |
|
4 |
|a defense counsel
|
| 650 |
|
4 |
|a Legal representation
|
| 650 |
|
4 |
|a Legal systems
|
| 650 |
|
4 |
|a policies and procedures
|
| 650 |
|
4 |
|a Public defenders
|
| 655 |
|
7 |
|a Forschungsdaten
|0 (DE-588)1098579690
|0 (DE-627)857755366
|0 (DE-576)469182156
|2 gnd-content
|
| 787 |
0 |
8 |
|i Forschungsdaten zu
|a Hashimoto, Erica
|t Abandoning misdemeanor defendants
|d 2012
|w (DE-627)1912447770
|
| 787 |
0 |
8 |
|i Forschungsdaten zu
|a Hashimoto, Erica J.
|t Assessing the Indigent Defense System
|d American Constitution Society, 2010
|w (DE-627)1912462141
|
| 787 |
0 |
8 |
|i Forschungsdaten zu
|a Harlow, Caroline Wolf
|t Defense Counsel in Criminal Cases
|d United States Department of Justice, Bureau of Justice Statistics, 2000
|w (DE-627)1912507021
|
| 787 |
0 |
8 |
|i Forschungsdaten zu
|a Worden, Alissa
|t The determinants of indigent defense provision
|d American Society of Criminology, 2005
|w (DE-627)1912510316
|
| 787 |
0 |
8 |
|i Forschungsdaten zu
|a DeFrances, Carol J.
|t Indigent Defense Services in Large Counties, 1999
|d [Erscheinungsort nicht ermittelbar] : United States Department of Justice, Bureau of Justice Statistics, 2000
|w (DE-627)1912589354
|
| 787 |
0 |
8 |
|i Forschungsdaten zu
|a Hashimoto, Erica
|t The problem with misdemeanor representation
|d 2013
|w (DE-627)1912665522
|
| 787 |
0 |
8 |
|i Forschungsdaten zu
|a DeFrances, Carol J.
|t State-Funded Indigent Defense Services, 1999
|d [Erscheinungsort nicht ermittelbar] : United States Department of Justice, Bureau of Justice Statistics, 2001
|w (DE-627)1912711699
|
| 787 |
0 |
8 |
|i Forschungsdaten zu
|a Hallfors, Denise
|t Strengthening the role of two key institutions in the prevention of adolescent substance abuse
|d 2002
|w (DE-627)1912713934
|
| 787 |
0 |
8 |
|i Forschungsdaten zu
|a Hallfors, Denise
|t Truancy, grade point average, and sexual activity: A meta-analysis of risk indicators for youth substance use
|d 2002
|w (DE-627)1912730952
|
| 856 |
4 |
0 |
|u https://doi.org/10.3886/ICPSR03081.v1
|x Resolving-System
|z kostenfrei
|3 Volltext
|7 0
|
| 935 |
|
|
|a mkri
|
| 951 |
|
|
|a BO
|
| ELC |
|
|
|a 1
|
| LOK |
|
|
|0 000 xxxxxcx a22 zn 4500
|
| LOK |
|
|
|0 001 429680975X
|
| LOK |
|
|
|0 003 DE-627
|
| LOK |
|
|
|0 004 1840062118
|
| LOK |
|
|
|0 005 20230324125313
|
| LOK |
|
|
|0 008 230324||||||||||||||||ger|||||||
|
| LOK |
|
|
|0 035
|a (DE-2619)ICPSR3081
|
| LOK |
|
|
|0 040
|a DE-2619
|c DE-627
|d DE-2619
|
| LOK |
|
|
|0 092
|o n
|
| LOK |
|
|
|0 852
|a DE-2619
|
| LOK |
|
|
|0 852 1
|9 00
|
| LOK |
|
|
|0 935
|a foda
|a nacj
|
| LOK |
|
|
|0 939
|a 24-03-23
|b l01
|
| OAS |
|
|
|a 1
|
| ORI |
|
|
|a SA-MARC-krimdoka001.raw
|